1653 1692 1515 1269 1969 1954 1297 1087 1407 1119 1888 1568 1523 1949 1259 1837 1686 1807 1643 1135 1843 1943 1046 1598 1182 1414 1515 1987 1863 1042 1426 1034 1407 1313 1918 1662 1537 1902 1635 1036 1216 1888 1432 1770 1809 1417 1691 1347 1293 1148 1108 1972 1415 1228 1372 1868 1716 1320 1630 1442 1903 1675 1310 1691 1682 1815 1650 1434 1659 1114 1928 1620 1739 1791 1029 1809 1092 1525 1504 1006 1055 1976 1607 1769 1072 1296 1866 1643 1856 1974 1666 1817 1264 1160 1557 1955 1987 1317 1339 BCNSPRNW ULIB Ver.6.0+V

เปลี่ยนเป็นภาษาไทย

Change to English
 แสดงรายละเอียดบรรณานุกรม
  กลับหน้าหลัก

Brief Record : Get Marc (ISO 2709) : E-mail record : QR code < ปิดหน้าต่าง
LEADER : 00000nam 2200000uu 4500
001    13399114906
003     ULIB
008    120620s2551||||th 000 0 tha d
020    ^a9789741382651
060 04 ^aWB^bป445ค
100 0  ^aปราณี ทู้ไพเราะ
245 10 ^aคำศัพท์-คำย่อทางการแพทย์ =^bMedical vocabulary &abbreviation /^cปราณี ทู้ไพเราะ
246 31 ^aMedical vocabulary & abbreviation
250    ^aพิมพ์ครั้งที่ 2
260    ^aกรุงเทพฯ :^bN P Press,^c2551
300    ^a600 หน้า ;^c21 ซม.
650  7 ^aการแพทย์^xคำย่อ
650  7 ^aการแพทย์^xคำศัพท์
650  7 ^aแพทยศาสตร์^xคำย่อ
650  7 ^aแพทยศาสตร์^xคำศัพท์
945    ^p350^l0^i15091
945    ^p350^l0^i15851
945    ^p350^l0^i15543
945    ^p350^l0^i15090
945    ^p350^l0^i15850
995    ^aกัณชพร
999 ^a ใช้งานได้ทุกระบบ
รายการนี้ยังไม่มีแท็ก
คุณยังไม่ได้ล็อกอิน คุณสามารถมีกิจกรรมร่วมกับเว็บไซต์ได้ แต่ต้องล็อกอินก่อน ::
  ล็อกอิน

รายการสื่อสารสนเทศ

ลำดับที่ ประเภท เลขเรียก/บาร์โค้ด สถานที่ สถานะ
1. วิทยาศาสตร์การแพทย์ และสุขภาพ
วิทยาศาสตร์การแพทย์ และสุขภาพ
สถานะ=หนังสือเก่า
WB ป445ค  
  Barcode: 15091
ห้องสมุดวิทยาเขตนครสวรรค์
►ส่วนจัดเก็บหนังสือเก่า นว.
บนชั้น
  ขอยืม

รายการใกล้เคียง
    ผู้แต่ง [ปราณี ทู้ไพเราะ]

BibComment


ยังไม่เคยถูกคอมเมนท์

คอมเมนท์ทรัพยากรรายการนี้
  คอมเมนท์: คำศัพท์คำย่อทางก..


 Copyright 2026. Bcnsprnw @Library